Pipers handbuch der politischen ideen
Salvato in:
| Autori principali: | , |
|---|---|
| Natura: | Libro |
| Lingua: | tedesco |
| Pubblicazione: |
Múnich
Piper
1985
|
| Edizione: | 1a. ed |
| Soggetti: | |
| Tags: |
Aggiungi Tag
Nessun Tag, puoi essere il primo ad aggiungerne!!
|
MARC
| LEADER | 00000cam a2200000 a 4500 | ||
|---|---|---|---|
| 001 | UCD4101 | ||
| 003 | CL-VaPUC | ||
| 008 | 160623e19850000gw |||||||||||||||||ger|d | ||
| 020 | |a 3492029531v.3 | ||
| 020 | |a 3492029558v.5 | ||
| 082 | 0 | 4 | |a 320.01 |b FET |2 21 |
| 100 | 0 | |a Fetscher, Iring |e author |9 587714 | |
| 700 | 0 | |a Münkler, Herfried |e author |9 587715 | |
| 245 | 1 | 0 | |a Pipers handbuch der politischen ideen |
| 250 | |a 1a. ed | ||
| 300 | |a v | ||
| 942 | |c BK | ||
| 945 | |d 20160623 20:48:00 |a arojas | ||
| 260 | |a Múnich |b Piper |c 1985 | ||
| 500 | |a v.3: Neuzeit: von den konfessionskriegen bis zur Aufklarung | ||
| 500 | |a v.4: Neuzeit: Von der Französischen Revolution bis zum europäischen Nationalismus | ||
| 500 | |a v.5: Neuzeit: vom zeitalter des imperialismus bis zu den neuen sozialen bewegungen | ||
| 650 | 0 | |a Ciencia política |9 324218 | |
| 650 | 0 | |a Estado |9 255503 | |
| 650 | 0 | |a Manuales |9 257144 | |
| 583 | |a last modification |c 20160628 09:18:14 |k Rodrigo Vera | ||
| 999 | |c 365047 |d 365045 | ||
| 952 | |0 0 |1 0 |3 erb |4 0 |6 320_010000000000000_FET_1985 |7 0 |8 A |9 478743 |a FDOHBE |b FDOHBE |e Huesbe Llanos, Marco Antonio, 1934- |h v.3 |i 5333180 |o 320.01 FET 1985 |p 5333180 |r 2024-01-30 |w 2019-11-24 |y BK |z Catalogado en:20160623 |k HBE | ||
| 952 | |0 0 |1 0 |3 erb |4 0 |6 320_010000000000000_FET_1985 |7 0 |8 A |9 478744 |a FDOHBE |b FDOHBE |e Huesbe Llanos, Marco Antonio, 1934- |h v.5 |i 5333172 |o 320.01 FET 1985 |p 5333172 |r 2024-01-30 |w 2019-11-24 |y BK |z Catalogado en:20160623 |k HBE | ||
| 952 | |0 0 |1 0 |3 erd |4 0 |6 320_010000000000000_FET_1985 |7 0 |8 A |9 478745 |a FDOHBE |b FDOHBE |e Huesbe Llanos, Marco Antonio, 1934- |h v.4 |i 5332737 |o 320.01 FET 1985 |p 5332737 |r 2024-01-30 |w 2019-11-24 |y BK |z Catalogado en:20160701 |k HBE | ||